Índice universal de inventarios / (Registro nro. 6197)
[ vista simple ]
| 000 -LEADER | |
|---|---|
| fixed length control field | 00966nam a2200217Ia 4500 |
| 003 - CONTROL NUMBER IDENTIFIER | |
| control field | OSt |
| 005 - DATE AND TIME OF LATEST TRANSACTION | |
| control field | 20210105130742.0 |
| 008 - FIXED-LENGTH DATA ELEMENTS--GENERAL INFORMATION | |
| fixed length control field | 191128s1971 ck gr 001 0 spa d |
| 040 ## - CATALOGING SOURCE | |
| Original cataloging agency | CO-JMCR |
| Transcribing agency | CO-JMCR |
| 041 0# - LANGUAGE CODE | |
| Language code of text/sound track or separate title | spa |
| 082 04 - DEWEY DECIMAL CLASSIFICATION NUMBER | |
| Classification number | 658.787 / |
| Item number | C764i |
| Edition number | 23 |
| 110 1# - MAIN ENTRY--CORPORATE NAME | |
| Corporate name or jurisdiction name as entry element | Colombia. |
| Subordinate unit | Contraloría General de la República |
| 9 (RLIN) | 6721 |
| 245 10 - TITLE STATEMENT | |
| Title | Índice universal de inventarios / |
| Statement of responsibility, etc. | Contraloría General de la República de Colombia |
| 250 ## - EDITION STATEMENT | |
| Edition statement | Segunda edición |
| 260 ## - PUBLICATION, DISTRIBUTION, ETC. | |
| Place of publication, distribution, etc. | Bogotá : |
| Name of publisher, distributor, etc. | Imprenta de la Contraloría, |
| Date of publication, distribution, etc. | 1971 |
| 300 ## - PHYSICAL DESCRIPTION | |
| Extent | xxiv, 411 páginas ; |
| Dimensions | 23 cm. |
| 500 ## - GENERAL NOTE | |
| General note | Incluye índice cronológico y alfabetico. |
| 505 0# - FORMATTED CONTENTS NOTE | |
| Formatted contents note | Índice universal de inventarios -- Agrupaciones y subagrupaciones del índice universal de inventarios -- Resoluciones orgánicas N° 04 de 1960, 8 de 1962, 303 y 520 de 1967; resoluciones reglamentarias N° 2267-Bis de 1963 y 2487 de 1964 y circulares generales |
| 650 14 - SUBJECT ADDED ENTRY--TOPICAL TERM | |
| Topical term or geographic name entry element | Inventarios |
| General subdivision | índices |
| 9 (RLIN) | 12674 |
| 942 ## - ADDED ENTRY ELEMENTS (KOHA) | |
| Source of classification or shelving scheme | Dewey Decimal Classification |
| Koha item type | Books |
| Withdrawn status | Lost status | Source of classification or shelving scheme | Damaged status | Not for loan | Collection code | Home library | Current library | Date acquired | Source of acquisition | Total Checkouts | Full call number | Barcode | Date last seen | Date last checked out | Copy number | Koha item type |
|---|---|---|---|---|---|---|---|---|---|---|---|---|---|---|---|---|
| Dewey Decimal Classification | Non-fiction | Biblioteca Pública José María del Castillo y Rada | Biblioteca Pública José María del Castillo y Rada | 04/15/2018 | Donación | 1 | 658.787 / C764i | 430012154 | 05/16/2024 | 11/03/2022 | Ej.1 | Books |